000 00563nam a2200193 a 4500
005 20140310183425.0
008 070927s19uu xx 00 eng d
020 _a9780470046739
050 _aQA 76.9
_b.G874 2007
100 _aGroh, Michael R. et al.
245 _aAccess 2007 bible /
_cMichael R. Groh, . et al.
260 _aCanada :
_bWiley Publishing, Inc,
_c2007.
300 _a866 p. :
_bill. ;
_c26 cm.
521 _aIT
650 _aMicrosoft Access.
650 _aDatabase management
_xComputer program.
942 _cBK
_2lcc
_kFOR
999 _c22635
_d22635